Quiz o Katowicach - Statystyki

Ogólne statystyki
  • Ten quiz został rozwiązany 1 351 razy
    1 341 od ostatniego zresetowania
  • Średni wynik to 10 z 15
Statystyki odpowiedzi
Wskazówka Odpowiedź % Poprawnych
Charakterystyczna hala widowiskowo-sportowa, zlokalizowana przy Alei Wojciecha Korfantego 35 Spodek
89%
Rejestracja samochodowa Katowic SK
87%
Miasto znajduje się w tym województwie Śląskie
83%
Klub sportowy z Katowic, posiadający liczne sekcje GKS Katowice
82%
W tym wieku założono Katowice XVI
80%
Trzy konflikty zbrojne na Górnym Śląsku, które miały miejsce w latach 1919-1921 między ludnością polską i niemiecką Powstania Śląskie
77%
Kopalnia węgla kamiennego, 16 grudnia 1981 doszło tam do masakry górników strajkujących przeciw ogłoszeniu stanu wojennego. Kopalnia Węgla Kamiennego „Wujek”
76%
Regionalna zupa śląska, której podstawowymi składnikami są chleb i wrzątek Wodzionka
63%
Niemiecka nazwa miasta Kattowitz
61%
Uniwersytet w Katowicach, powstał 8 czerwca 1968 roku jako dziewiąta tego typu placówka w kraju Uniwersytet Śląski
60%
Zabytkowe osiedle robotnicze powstałe w latach 1908-1919 Nikiszowiec
58%
Kraina historyczna położona na terenie Rzeczypospolitej Polskiej
i Republiki Czeskiej, której największym miastem są Katowice
Górny Śląsk
53%
Polityk związany z chrześcijańską demokracją, jedna z najważniejszych postaci Śląska i jego walki o przyłączenie do Polski Wojciech Korfanty
51%
Obecny prezydent miasta Marcin Krupa
40%
Wieżowce mieszkaniowe o charakterystyczny kształcie, inspirowane wieżowcami Marina City, które znajdują się w Chicago Kukurydze
33%
Nie znaleziono quizów pasujących do podanych kryteriów
Rozkład punktacji
Procent ludzi z każdym wynikiem
Percentyl według liczby udzielonych odpowiedzi
Twoja historia wyników
Nie rozwiązałeś tego quizu od ostatniego zresetowania